[Event "International Chess Tournament Paracin 2"]
[Site "Paracin, Serbia"]
[Date "2021.07.15"]
[Round "8.1"]
[White "Muradli, Mahammad"]
[Black "Gharibyan, Mamikon"]
[Result "1-0"]
[WhiteElo "2461"]
[BlackElo "2464"]
[PlyCount "75"]
[EventDate "2021.??.??"]

1. Nf3 d5 2. d4 Nf6 3. c4 e6 4. Nc3 Bb4 5. Bg5 h6 6. Bxf6 Qxf6 7. e3 O-O 8. Rc1
dxc4 9. Bxc4 c5 10. O-O cxd4 11. Ne4 Qe7 12. a3 Ba5 13. Qxd4 Rd8 14. Qe5 Nc6
15. Qh5 Bd7 16. g4 f6 17. Nc5 Be8 18. Qf5 Bf7 19. Bxe6 Bb6 20. Bxf7+ Qxf7 21.
Ne6 Re8 22. Nf4 Ne7 23. Qb5 Ng6 24. Nxg6 Qxg6 25. h3 Qe4 26. Qc4+ Kh7 27. Qxe4+
Rxe4 28. Kg2 h5 29. gxh5 Kh6 30. Rfd1 Kxh5 31. Rd7 g5 32. Rxb7 Rd8 33. Rc6 Kg6
34. Nh2 Rd2 35. Ng4 Bd8 36. Rxa7 Rxb2 37. Rd7 Rb8 38. Rdd6 1-0

[Event "International Chess Tournament Paracin 2"]
[Site "Paracin, Serbia"]
[Date "2021.07.15"]
[Round "8.2"]
[White "Petrosyan, Manuel"]
[Black "Nikitenko, Mihail"]
[Result "1/2-1/2"]
[WhiteElo "2632"]
[BlackElo "2472"]
[PlyCount "215"]
[EventDate "2021.??.??"]

1. d4 Nf6 2. c4 e6 3. Nc3 d5 4. cxd5 exd5 5. Bg5 c6 6. e3 Bf5 7. Qf3 Bg6 8.
Bxf6 Qxf6 9. Qxf6 gxf6 10. Nf3 Nd7 11. Nh4 Be7 12. Ne2 f5 13. g3 Bxh4 14. gxh4
f4 15. Nxf4 Bf5 16. Rg1 h6 17. Kd2 Nf6 18. f3 Ke7 19. Re1 Rhg8 20. Rg3 Rad8 21.
Kc3 Rge8 22. b3 Kf8 23. Kd2 Ke7 24. Be2 Rh8 25. Kc3 Rhe8 26. a4 Kd6 27. Bd3
Bxd3 28. Nxd3 Nh5 29. Rgg1 Rg8 30. e4 dxe4 31. fxe4 Ke7 32. a5 Rxg1 33. Rxg1
Nf6 34. Re1 Nd7 35. Re3 b6 36. Re2 Rg8 37. axb6 axb6 38. Ra2 Rg4 39. Ra7 f6 40.
e5 Ke8 41. Rc7 Kd8 42. Rxc6 fxe5 43. Rxh6 exd4+ 44. Kc4 Rg2 45. Kxd4 Rxh2 46.
b4 Ke7 47. Nf4 Rd2+ 48. Ke4 Kf7 49. Nd5 Re2+ 50. Kd3 Rh2 51. Kc4 Ne5+ 52. Kb5
Nd3 53. Kxb6 Kg7 54. Rh5 Nxb4 55. Nxb4 Kg6 56. Rg5+ Kh6 57. Rg1 Rxh4 58. Kc5
Rh5+ 59. Kd6 Rg5 60. Rf1 Rg6+ 61. Ke5 Rg5+ 62. Kf4 Kg6 63. Ra1 Rf5+ 64. Ke4 Rb5
65. Nd5 Rb2 66. Ra6+ Kg5 67. Nc3 Rb8 68. Re6 Ra8 69. Re5+ Kg6 70. Re7 Kg5 71.
Nd5 Ra4+ 72. Ke5 Kg4 73. Rb7 Ra8 74. Nf6+ Kf3 75. Rb3+ Ke2 76. Nd5 Kf2 77. Kf4
Rf8+ 78. Ke4 Re8+ 79. Kd4 Ra8 80. Rb7 Kf3 81. Rf7+ Kg4 82. Ke4 Ra4+ 83. Ke5 Ra8
84. Ne3+ Kg3 85. Nf5+ Kg2 86. Ke4 Ra4+ 87. Nd4 Ra8 88. Rf6 Kg3 89. Ne2+ Kg2 90.
Nf4+ Kf2 91. Nd3+ Ke2 92. Rf2+ Kd1 93. Ne5 Kc1 94. Kd4 Rd8+ 95. Kc3 Kd1 96. Nf3
Rc8+ 97. Kd3 Rd8+ 98. Nd4 Kc1 99. Rf6 Rh8 100. Kc3 Rc8+ 101. Nc6 Kd1 102. Re6
Rh8 103. Ne5 Rg8 104. Nf3 Rc8+ 105. Kd3 Rd8+ 106. Nd4 Kc1 107. Rb6 Rd7 108. Rb8
1/2-1/2

[Event "International Chess Tournament Paracin 2"]
[Site "Paracin, Serbia"]
[Date "2021.07.15"]
[Round "8.3"]
[White "Sturt, Raven"]
[Black "Postny, Evgeny"]
[Result "1/2-1/2"]
[WhiteElo "2500"]
[BlackElo "2578"]
[PlyCount "135"]
[EventDate "2021.??.??"]

1. e4 c6 2. Nf3 d5 3. exd5 cxd5 4. Ne5 Nf6 5. d4 Nbd7 6. Bd3 g6 7. O-O Bg7 8.
Re1 O-O 9. Nd2 Ne8 10. c3 Nd6 11. Qe2 Nf6 12. Ndf3 Bf5 13. Bf4 Bxd3 14. Nxd3
Re8 15. Nfe5 Rc8 16. Qe3 Nh5 17. Bg3 e6 18. Re2 Ne4 19. Nf3 Nhxg3 20. hxg3 h5
21. Nd2 Nd6 22. g4 hxg4 23. Qg3 Nf5 24. Qxg4 Qh4 25. Qxh4 Nxh4 26. g4 g5 27. f4
gxf4 28. Nxf4 Bh6 29. Rf1 Bxf4 30. Rxf4 Ng6 31. Rf1 e5 32. dxe5 Rxe5 33. Rg2
Rce8 34. Nf3 Re3 35. Rd2 R8e4 36. Rxd5 Rxg4+ 37. Kf2 Re6 38. Rd4 Rf4 39. Rxf4
Nxf4 40. Rd1 Re2+ 41. Kg3 Ne6 42. Rd2 Rxd2 43. Nxd2 Kf8 44. Kg4 Ke7 45. Ne4 Nc7
46. Kf5 Nd5 47. Ke5 Ne3 48. b3 Ng4+ 49. Kf5 Ne3+ 50. Kf4 Nd5+ 51. Ke5 Nc7 52.
c4 Ne6 53. b4 Nf8 54. c5 Ng6+ 55. Kd5 f5 56. Nd6 f4 57. Ke4 b6 58. cxb6 axb6
59. Nc8+ Kd7 60. Nxb6+ Kc6 61. Nd5 f3 62. a4 f2 63. Ne3 Ne7 64. Kf3 Nd5 65.
Kxf2 Nxb4 66. Ke2 Nd5 67. Nc2 Nc3+ 68. Kd3 1/2-1/2

[Event "International Chess Tournament Paracin 2"]
[Site "Paracin, Serbia"]
[Date "2021.07.15"]
[Round "8.5"]
[White "Ter-Sahakyan, Samvel"]
[Black "Mohammad, Nubairshah Shaikh"]
[Result "1/2-1/2"]
[WhiteElo "2643"]
[BlackElo "2436"]
[PlyCount "64"]
[EventDate "2021.??.??"]

1. e4 c6 2. d4 d5 3. e5 c5 4. dxc5 e6 5. a3 Nc6 6. Nf3 Bxc5 7. b4 Bb6 8. Bb2 f6
9. Nbd2 fxe5 10. Nxe5 Nf6 11. Be2 Nxe5 12. Bxe5 Bc7 13. Bxc7 Qxc7 14. c4 O-O
15. O-O Bd7 16. Rc1 Qe5 17. Nf3 Qb2 18. cxd5 exd5 19. Qd2 Qxd2 20. Nxd2 a5 21.
b5 Rfe8 22. Bd3 Rac8 23. Rfd1 Kf8 24. Kf1 Bg4 25. Rxc8 Rxc8 26. f3 Bd7 27. a4
Rc3 28. Ke2 Ke7 29. g3 Ra3 30. Bc2 Rc3 31. Bd3 Ra3 32. Bc2 Rc3 1/2-1/2

[Event "International Chess Tournament Paracin 2"]
[Site "Paracin, Serbia"]
[Date "2021.07.15"]
[Round "8.6"]
[White "Ahmadzada, Ahmad"]
[Black "Suleymanli, Aydin"]
[Result "1-0"]
[WhiteElo "2431"]
[BlackElo "2563"]
[PlyCount "65"]
[EventDate "2021.??.??"]

1. c4 e5 2. Nc3 Nc6 3. g3 Bc5 4. Bg2 a6 5. e3 d6 6. Nge2 h5 7. h3 h4 8. g4 f5
9. d4 Ba7 10. gxf5 Bxf5 11. d5 Nb8 12. f4 Nd7 13. O-O Qe7 14. fxe5 Qxe5 15. Nd4
Ne7 16. Nf3 Qg3 17. Ne2 Qg6 18. Nf4 Qh6 19. Nd4 O-O 20. e4 Bxe4 21. Bxe4 Qf6
22. Nfe6 Qe5 23. Bg5 Nc5 24. Qg4 Nxe4 25. Bxe7 Bxd4+ 26. Kg2 Rxf1 27. Rxf1 Bxb2
28. Bxh4 Ba3 29. Re1 Qb2+ 30. Re2 Nd2 31. Ng5 Rf8 32. Qe6+ Kh8 33. Qf5 1-0

[Event "International Chess Tournament Paracin 2"]
[Site "Paracin, Serbia"]
[Date "2021.07.15"]
[Round "8.8"]
[White "Polschikov, Alexey"]
[Black "Iskandarov, Misratdin"]
[Result "0-1"]
[WhiteElo "2420"]
[BlackElo "2533"]
[PlyCount "64"]
[EventDate "2021.??.??"]

1. Nf3 g6 2. c4 Bg7 3. e4 e5 4. d4 exd4 5. Nxd4 Nc6 6. Be3 Qf6 7. Nxc6 dxc6 8.
Nc3 Qe7 9. Qc2 Nh6 10. Be2 Ng4 11. Bxg4 Bxg4 12. O-O O-O 13. b3 f5 14. f3 f4
15. Bf2 Be6 16. Rad1 Rad8 17. Ne2 Rxd1 18. Rxd1 c5 19. Qd2 Be5 20. Nc1 b6 21.
Nd3 Rd8 22. Qc1 Qd6 23. Kf1 g5 24. Ke2 Bg7 25. h4 h6 26. hxg5 hxg5 27. g3 g4
28. gxf4 gxf3+ 29. Kxf3 Bf7 30. Rd2 Bh5+ 31. Kg2 Qg6+ 32. Kf1 Qxe4 0-1

[Event "International Chess Tournament Paracin 2"]
[Site "Paracin, Serbia"]
[Date "2021.07.15"]
[Round "8.9"]
[White "Annaberdiev, Meilis"]
[Black "Kosic, Dragan"]
[Result "1-0"]
[WhiteElo "2532"]
[BlackElo "2419"]
[PlyCount "71"]
[EventDate "2021.??.??"]

1. Nf3 Nf6 2. c4 e6 3. g3 d5 4. Bg2 dxc4 5. Qa4+ Nbd7 6. Qxc4 c5 7. Qc2 Rb8 8.
d4 cxd4 9. Nxd4 Bb4+ 10. Nc3 O-O 11. O-O e5 12. Nf5 Nb6 13. Rd1 Qc7 14. Bg5
Bxc3 15. Bxf6 gxf6 16. Be4 Be6 17. Qc1 Bxf5 18. Bxf5 Kg7 19. Qc2 Rfd8 20. bxc3
h6 21. Rd3 Rd6 22. Rxd6 Qxd6 23. Rd1 Qc7 24. Qe4 Qxc3 25. Qg4+ Kf8 26. Qh5 Kg7
27. Qg4+ Kf8 28. Qh4 Kg7 29. Rd6 Qc1+ 30. Kg2 Qg5 31. Qe4 h5 32. h4 Qc1 33. Qf3
Qc7 34. Rd3 Qc6 35. Be4 Qc4 36. Rd6 1-0

[Event "International Chess Tournament Paracin 2"]
[Site "Paracin, Serbia"]
[Date "2021.07.15"]
[Round "8.10"]
[White "Bhambure, Shantanu"]
[Black "Budisavljevic, Luka"]
[Result "1/2-1/2"]
[WhiteElo "2391"]
[BlackElo "2509"]
[PlyCount "169"]
[EventDate "2021.??.??"]

1. d4 Nf6 2. c4 e6 3. Nf3 b6 4. a3 Ba6 5. e3 d5 6. Nbd2 Bb7 7. Bd3 Be7 8. b4
O-O 9. Bb2 c5 10. dxc5 bxc5 11. b5 a6 12. a4 Nbd7 13. O-O Nb6 14. Qb3 axb5 15.
axb5 dxc4 16. Nxc4 Bxf3 17. gxf3 Rxa1 18. Rxa1 Qd5 19. Be2 Rb8 20. Be5 Re8 21.
e4 Qb7 22. Na5 Qc8 23. Nc6 Nfd7 24. Bg3 Bf8 25. Ra7 h6 26. Qd1 e5 27. Bf1 Re6
28. Bh3 Rd6 29. Qa1 Qe8 30. Bxd7 Nxd7 31. Qa2 Kh7 32. Ra8 Qe6 33. Qxe6 Rxe6 34.
Ra7 Rd6 35. Nxe5 Nxe5 36. Bxe5 Rb6 37. Ra8 Be7 38. Rb8 Rg6+ 39. Kf1 c4 40. b6
Bd6 41. Bxd6 Rxd6 42. Ke2 Rd3 43. Rf8 Rb3 44. Rxf7 Rxb6 45. Rc7 Rb2+ 46. Ke3
Rc2 47. h4 Kg6 48. Rc5 c3 49. h5+ Kf7 50. f4 Rc1 51. Rc7+ Kf8 52. e5 c2 53. Kf3
Rh1 54. Rxc2 Rxh5 55. Rc7 Rh1 56. f5 Ra1 57. Kg4 Ra4+ 58. f4 Re4 59. Kf3 Re1
60. Ra7 Rf1+ 61. Ke4 Rb1 62. Rc7 Rb4+ 63. Kf3 Ra4 64. Rb7 Ra5 65. Kg4 Ra1 66.
f6 gxf6 67. e6 Ra5 68. Rf7+ Ke8 69. Rh7 f5+ 70. Kh5 Ra6 71. Rxh6 Ke7 72. Rh7+
Kf6 73. Rh6+ Ke7 74. Rh7+ Kf6 75. e7 Re6 76. Rh6+ Kxe7 77. Rxe6+ Kxe6 78. Kg6
Ke7 79. Kxf5 Kf7 80. Kg5 Kg7 81. f5 Kf7 82. f6 Kf8 83. Kg6 Kg8 84. f7+ Kf8 85.
Kf6 1/2-1/2

[Event "International Chess Tournament Paracin 2"]
[Site "Paracin, Serbia"]
[Date "2021.07.15"]
[Round "8.11"]
[White "Aitbayev, Aslan"]
[Black "Yankelevich, Lev"]
[Result "1-0"]
[WhiteElo "2475"]
[BlackElo "2389"]
[PlyCount "120"]
[EventDate "2021.??.??"]

1. e4 e5 2. Nf3 Nf6 3. d4 Nxe4 4. Bd3 d5 5. Nxe5 Nd7 6. Nxd7 Bxd7 7. O-O Bd6 8.
Nc3 Nxc3 9. bxc3 O-O 10. Qh5 f5 11. Re1 Qf6 12. Qf3 Rae8 13. Qxd5+ Kh8 14. Rxe8
Bxe8 15. Qf3 c5 16. Bf4 cxd4 17. Bxd6 Qxd6 18. Qxb7 dxc3 19. Qxa7 f4 20. Re1
Bg6 21. Bxg6 hxg6 22. h3 Rd8 23. Qf7 Kh7 24. Re6 Qd1+ 25. Kh2 Qxc2 26. Re7 Rg8
27. Qxf4 Qf5 28. Qh4+ Qh5 29. Qc4 Qa5 30. Re4 g5 31. Re3 Rf8 32. Qxc3 Qxc3 33.
Rxc3 Rxf2 34. a4 Ra2 35. Rc4 Kg6 36. Rg4 Kf5 37. Kg3 Re2 38. Kf3 Re1 39. Kf2
Re5 40. Rb4 Kg6 41. Kf3 Re1 42. Re4 Ra1 43. Rg4 Re1 44. h4 Kh5 45. Rxg5+ Kxh4
46. Rxg7 Rf1+ 47. Ke4 Ra1 48. Ra7 Kg3 49. a5 Kxg2 50. a6 Kf2 51. Rf7+ Ke2 52.
a7 Ra4+ 53. Kd5 Kd3 54. Kc6 Ke4 55. Kb7 Rb4+ 56. Kc8 Ra4 57. Kb8 Rb4+ 58. Rb7
Rd4 59. a8=Q Rd8+ 60. Ka7 Rb8 1-0

[Event "International Chess Tournament Paracin 2"]
[Site "Paracin, Serbia"]
[Date "2021.07.15"]
[Round "8.12"]
[White "Pranav, V."]
[Black "Gavrilescu, David"]
[Result "1/2-1/2"]
[WhiteElo "2366"]
[BlackElo "2470"]
[PlyCount "60"]
[EventDate "2021.??.??"]

1. e4 e6 2. d4 d5 3. Nc3 Nf6 4. e5 Nfd7 5. f4 c5 6. Nf3 Nc6 7. Be3 Be7 8. Qd2
O-O 9. dxc5 Qa5 10. O-O-O b6 11. Bb5 Nb4 12. a3 bxc5 13. Bxd7 Bxd7 14. axb4
cxb4 15. Nb1 Rfc8 16. Nd4 Qa2 17. f5 Ba4 18. Qd3 f6 19. Bf4 fxe5 20. Bxe5 Rxc2+
21. Nxc2 Rc8 22. Bc3 bxc3 23. Nxc3 Bg5+ 24. Rd2 Bxc2 25. Kxc2 Bf6 26. Kd1 Bxc3
27. bxc3 Qa1+ 28. Kc2 Qa2+ 29. Kc1 Qa3+ 30. Kc2 Qa2+ 1/2-1/2

[Event "International Chess Tournament Paracin 2"]
[Site "Paracin, Serbia"]
[Date "2021.07.15"]
[Round "8.13"]
[White "Bryakin, Mikhail"]
[Black "Tsaknakis, Zisis"]
[Result "1-0"]
[WhiteElo "2463"]
[BlackElo "2236"]
[PlyCount "107"]
[EventDate "2021.??.??"]

1. d4 Nf6 2. c4 g6 3. g3 Bg7 4. Bg2 O-O 5. Nc3 d6 6. Nf3 Nc6 7. O-O Bg4 8. d5
Na5 9. b3 c5 10. Bb2 a6 11. Nd2 Rb8 12. h3 Bd7 13. Qc2 b5 14. cxb5 axb5 15.
Rfe1 b4 16. Nd1 e5 17. dxe6 fxe6 18. Ne3 Nc6 19. Nec4 Qe7 20. Rad1 Nd4 21. Bxd4
cxd4 22. e3 Nd5 23. Ne4 dxe3 24. fxe3 Rbc8 25. Qd3 Be5 26. Nxe5 dxe5 27. Rc1
Rfd8 28. Qd2 Bc6 29. Qb2 Nc3 30. Nxc3 Bxg2 31. Kxg2 bxc3 32. Rxc3 Qb7+ 33. e4
Qb4 34. Rxc8 Rxc8 35. Re2 Rc3 36. Qd2 Qd4 37. Qe1 Qd3 38. Qf2 Rc1 39. h4 Qd1
40. Kh3 h5 41. Qg2 Qd4 42. Qf2 Qd1 43. Qf3 Rc3 44. Qg2 Qb1 45. Kh2 Qd1 46. Rd2
Qe1 47. Qf2 Qxf2+ 48. Rxf2 Re3 49. b4 Rxe4 50. Rb2 Rd4 51. b5 Rd8 52. b6 e4 53.
b7 Rb8 54. Kg2 1-0

[Event "International Chess Tournament Paracin 2"]
[Site "Paracin, Serbia"]
[Date "2021.07.15"]
[Round "8.14"]
[White "Pikula, Dejan"]
[Black "Safarli, Eltaj"]
[Result "0-1"]
[WhiteElo "2384"]
[BlackElo "2604"]
[PlyCount "84"]
[EventDate "2021.??.??"]

1. e4 g6 2. d4 Bg7 3. Nc3 b6 4. Be3 Bb7 5. Qd2 d6 6. f3 Nd7 7. O-O-O e6 8. Kb1
Ne7 9. g4 a6 10. h4 h5 11. gxh5 Rxh5 12. Nge2 Nc6 13. Bg5 Bf6 14. f4 Bxg5 15.
fxg5 Qe7 16. Ng3 Rh7 17. Qf2 O-O-O 18. Be2 Rdh8 19. Rdf1 Kb8 20. a3 Qd8 21. d5
Nce5 22. Qf4 Ka7 23. h5 gxh5 24. Rxh5 Rxh5 25. Nxh5 Qg8 26. Nf6 Nxf6 27. gxf6
exd5 28. exd5 Qg2 29. Qd4 Rh1 30. Rxh1 Qxh1+ 31. Ka2 Qh6 32. Ne4 Qf4 33. a4 a5
34. Bb5 Qf3 35. c3 Bc8 36. Be8 Qf1 37. Bb5 Qg2 38. Nd2 Bf5 39. Nc4 Nd3 40. Qe3
Qxd5 41. b3 Qg2+ 42. Qd2 Qe4 0-1

[Event "International Chess Tournament Paracin 2"]
[Site "Paracin, Serbia"]
[Date "2021.07.15"]
[Round "8.15"]
[White "Puranik, Abhimanyu"]
[Black "Kurmangaliyeva, Liya"]
[Result "1-0"]
[WhiteElo "2589"]
[BlackElo "2322"]
[PlyCount "59"]
[EventDate "2021.??.??"]

1. c4 c5 2. Nc3 Nc6 3. g3 g6 4. Bg2 Bg7 5. d3 e6 6. h4 h5 7. Nh3 Nge7 8. Nf4 d6
9. Qd2 O-O 10. Rb1 Ne5 11. b4 Rb8 12. bxc5 dxc5 13. Ba3 Nd7 14. Bb2 b6 15. a4
Bb7 16. Bxb7 Rxb7 17. g4 hxg4 18. h5 Nf5 19. hxg6 Ne5 20. Ne4 Nh4 21. Bxe5 Bxe5
22. gxf7+ Kxf7 23. Nxc5 Qg5 24. Ncxe6 Qh6 25. Kd1 Re8 26. Rb5 Qf6 27. Rxe5 Qxe5
28. Rxh4 Rbe7 29. d4 Qe4 30. Ng5+ 1-0

[Event "International Chess Tournament Paracin 2"]
[Site "Paracin, Serbia"]
[Date "2021.07.15"]
[Round "8.16"]
[White "Raja, Harshit"]
[Black "Heinemann, Josefine"]
[Result "1-0"]
[WhiteElo "2484"]
[BlackElo "2285"]
[PlyCount "53"]
[EventDate "2021.??.??"]

1. e4 c5 2. Nc3 d6 3. Nf3 Nf6 4. d4 cxd4 5. Nxd4 a6 6. Bg5 e6 7. f4 Qb6 8. Qd2
Qxb2 9. Rb1 Qa3 10. f5 Nc6 11. fxe6 fxe6 12. Nxc6 bxc6 13. Bd3 Be7 14. O-O O-O
15. e5 dxe5 16. Qe1 Qa5 17. Bd2 Qc7 18. Qh4 g6 19. Bg5 Qd8 20. Ne4 Nd5 21.
Rxf8+ Qxf8 22. Rf1 Qg7 23. c4 Bxg5 24. Qxg5 Ne7 25. Nf6+ Kh8 26. Ne8 h6 27. Qe3
1-0

[Event "International Chess Tournament Paracin 2"]
[Site "Paracin, Serbia"]
[Date "2021.07.15"]
[Round "8.17"]
[White "Ozenir, Ekin Baris"]
[Black "Dudin, Gleb"]
[Result "1-0"]
[WhiteElo "2331"]
[BlackElo "2439"]
[PlyCount "113"]
[EventDate "2021.??.??"]

1. Nf3 Nf6 2. c4 c6 3. d4 d5 4. e3 Bf5 5. Nc3 e6 6. Nh4 Be4 7. f3 Bg6 8. Qb3
Qc7 9. Bd2 Be7 10. Nxg6 hxg6 11. g3 a6 12. Rc1 dxc4 13. Bxc4 b5 14. Bd3 c5 15.
dxc5 Nbd7 16. Ne4 Nxe4 17. Bxe4 Rd8 18. O-O Nxc5 19. Qc3 Bd6 20. Be1 O-O 21.
Bb1 Qa7 22. Qc2 Na4 23. b3 Nb6 24. Bf2 Rc8 25. Qe2 Bc5 26. e4 Nd7 27. Rxc5 Nxc5
28. b4 Rfd8 29. bxc5 Qd7 30. Be3 Qc7 31. Qb2 Qa5 32. e5 b4 33. Rc1 Qa4 34. Be4
a5 35. Bb7 Rc7 36. c6 Qb5 37. Qf2 Rxb7 38. cxb7 Qxb7 39. Qe2 a4 40. Rb1 b3 41.
axb3 axb3 42. Kg2 Qd5 43. Qb2 Rb8 44. Qc3 Kh7 45. Rb2 Kg8 46. Bc1 Kh7 47. Rd2
Qb5 48. Bb2 Rb6 49. Qd3 Qa5 50. Qd8 g5 51. Rd6 Qa2 52. Qxb6 Qxb2+ 53. Qf2 Qxe5
54. Rd2 f5 55. Rb2 Qc3 56. Qd2 Qc4 57. Qxg5 1-0

[Event "International Chess Tournament Paracin 2"]
[Site "Paracin, Serbia"]
[Date "2021.07.15"]
[Round "8.18"]
[White "Sankalp, Gupta"]
[Black "Barseghyan, Armen Ar"]
[Result "1-0"]
[WhiteElo "2429"]
[BlackElo "2316"]
[PlyCount "189"]
[EventDate "2021.??.??"]

1. e4 c5 2. Nf3 Nc6 3. d4 cxd4 4. Nxd4 g6 5. c4 Nf6 6. Nc3 d6 7. Be2 Bg7 8. Be3
O-O 9. O-O Bd7 10. Rc1 Nxd4 11. Bxd4 Bc6 12. Qc2 a5 13. b3 Nd7 14. Be3 Nc5 15.
Rfd1 Bxc3 16. Qxc3 Nxe4 17. Qb2 Re8 18. f3 Nf6 19. Rd2 Qc7 20. Qd4 Nd7 21. Bh6
f6 22. Be3 Rad8 23. a3 Nf8 24. b4 axb4 25. axb4 Ra8 26. c5 dxc5 27. Qxc5 Qe5
28. Qxe5 fxe5 29. b5 Bd7 30. Rc7 Bc8 31. Rc5 Be6 32. Rc7 Bc8 33. b6 Ne6 34. Bc4
Kf7 35. Bg5 Rb8 36. Rc5 h6 37. Bxh6 Kf6 38. Bxe6 Bxe6 39. Re2 Rbc8 40. Rcxe5
Rc6 41. Bg5+ Kf7 42. Be3 Rd8 43. Kf2 Rd5 44. Re4 Bf5 45. Rh4 Rc2 46. Rh7+ Ke6
47. Rxc2 Bxc2 48. h4 Rb5 49. g4 Bd1 50. Bg5 Rxb6 51. Rxe7+ Kd6 52. Re1 Bc2 53.
Kg3 Kd5 54. Bh6 Re6 55. Rc1 Rc6 56. Kf4 Ke6 57. Bf8 Kf7 58. Ba3 b5 59. Kg5 Rc3
60. f4 Rc4 61. Bd6 Ke6 62. Bf8 Kf7 63. Ba3 Rc3 64. Bd6 Ke6 65. Be5 Rc5 66. Ra1
b4 67. Ra6+ Kf7 68. Rf6+ Kg8 69. Rb6 b3 70. Rb7 Ra5 71. h5 gxh5 72. Kxh5 Rc5
73. Kg5 Ra5 74. Kh4 Rd5 75. Bb2 Rc5 76. Be5 Rd5 77. Kh5 Rc5 78. g5 Rc6 79. Rg7+
Kf8 80. g6 Rb6 81. Bb2 Be4 82. Rf7+ Kg8 83. Rg7+ Kf8 84. Kh6 Ke8 85. Kh7 Bd3
86. Kh6 Be4 87. Kg5 Rb5+ 88. Kg4 Bf5+ 89. Kh4 Kf8 90. Rf7+ Kg8 91. Re7 Rb8 92.
Kg5 Bc2 93. f5 Kf8 94. Re5 Re8 95. Ba3+ 1-0

[Event "International Chess Tournament Paracin 2"]
[Site "Paracin, Serbia"]
[Date "2021.07.15"]
[Round "8.19"]
[White "Abergel, Thal"]
[Black "Antova, Gabriela"]
[Result "0-1"]
[WhiteElo "2414"]
[BlackElo "2241"]
[PlyCount "94"]
[EventDate "2021.??.??"]

1. e4 c5 2. Nc3 d6 3. Nf3 Nf6 4. d4 cxd4 5. Nxd4 a6 6. Qf3 g6 7. b3 Bg7 8. Bb2
O-O 9. h3 e5 10. Nde2 b5 11. O-O-O b4 12. Na4 Qc7 13. Qe3 Bb7 14. Ng3 Nbd7 15.
Bc4 Bc6 16. Qe2 Rfc8 17. Kb1 Bxa4 18. Bxa6 Rxa6 19. Qxa6 Bc6 20. Qc4 Qa5 21.
Rxd6 Bb7 22. Qe2 Ra8 23. a4 bxa3 24. Bc1 Nc5 25. f3 Qc3 26. Ka2 Na6 27. Rb6
Nb4+ 28. Rxb4 Qxb4 29. Rd1 Bf8 30. c4 Bc6 31. Bd2 Qb6 32. Rb1 Bb4 33. Be3 Qc7
34. h4 h5 35. Nf1 Rd8 36. Bg5 Rd6 37. Rc1 Nh7 38. c5 Rd7 39. Be3 Nf8 40. Qc4
Qa5 41. Qc2 Ne6 42. g4 hxg4 43. h5 gxf3 44. hxg6 fxg6 45. Qh2 Bc3 46. Qh6 Bxe4
47. Ng3 Rh7 0-1

[Event "International Chess Tournament Paracin 2"]
[Site "Paracin, Serbia"]
[Date "2021.07.15"]
[Round "8.20"]
[White "Vatsal, Singhania"]
[Black "Babazada, Khazar"]
[Result "1/2-1/2"]
[WhiteElo "2371"]
[BlackElo "2409"]
[PlyCount "52"]
[EventDate "2021.??.??"]

1. e4 e5 2. Nf3 Nc6 3. Bc4 Bc5 4. O-O Nf6 5. d3 O-O 6. a4 d6 7. c3 a6 8. Nbd2
Ba7 9. h3 Ne7 10. Re1 Ng6 11. Nf1 h6 12. Ng3 Re8 13. Qb3 Re7 14. d4 Qe8 15. Nf5
Bxf5 16. exf5 exd4 17. Bxh6 Ne5 18. Nxe5 Rxe5 19. Rxe5 dxe5 20. Bd2 Rb8 21. Re1
b5 22. axb5 axb5 23. Bd3 Qd7 24. Bg5 dxc3 25. Qxc3 Nd5 26. Qb3 Nf4 1/2-1/2

[Event "International Tournament "]
[Site "Pool "]
[Date "2021.07.15"]
[Round "8.21"]
[White "Ohanyan, Emin"]
[Black "Raja, Rithvik R"]
[Result "1/2-1/2"]
[WhiteElo "2324"]
[BlackElo "2408"]
[PlyCount "49"]
[EventDate "2021.07.09"]

1. e4 e5 2. Nf3 Nc6 3. Nc3 Nf6 4. d4 exd4 5. Nxd4 Bb4 6. Nxc6 bxc6 7. Bd3 d5 8.
exd5 O-O 9. O-O cxd5 10. Bg5 c6 11. Qf3 h6 12. Bxf6 Qxf6 13. Qxf6 gxf6 14. Ne2
Bc5 15. c3 Rb8 16. b3 a5 17. Nd4 Bxd4 18. cxd4 a4 19. Bc2 Rb4 20. Rfd1 a3 21.
f3 Re8 22. Kf2 Kf8 23. Rd2 Ke7 24. Re1+ Be6 25. Re3 1/2-1/2

[Event "International Tournament "]
[Site "Pool "]
[Date "2021.07.15"]
[Round "8.23"]
[White "Prithu, Gupta"]
[Black "Vetokhin, Savva"]
[Result "0-1"]
[WhiteElo "2472"]
[BlackElo "2324"]
[PlyCount "104"]
[EventDate "2021.07.09"]

1. c4 e5 2. Nc3 Nf6 3. Nf3 Nc6 4. e4 Bb4 5. d3 d6 6. a3 Bc5 7. b4 Bb6 8. Na4
Bd4 9. Rb1 a6 10. Be2 O-O 11. O-O b5 12. Nxd4 Nxd4 13. Nc3 Bb7 14. f3 Nh5 15.
Be3 Nf4 16. Bxd4 exd4 17. Nd5 Ne6 18. Qc1 g5 19. f4 c6 20. f5 cxd5 21. fxe6
fxe6 22. Rxf8+ Kxf8 23. cxd5 exd5 24. Qb2 Qb6 25. Rf1+ Kg7 26. Bh5 Rf8 27. Rxf8
Kxf8 28. Qf2+ Ke7 29. Qf7+ Kd8 30. exd5 Kc8 31. Bg4+ Kb8 32. Qg8+ Ka7 33. Qxh7
Qd8 34. Qg7 Ka8 35. Be6 Bc8 36. Qxd4 Qc7 37. h3 Qc1+ 38. Kh2 Bb7 39. Qf2 Qxa3
40. Qf8+ Ka7 41. Qxd6 Qxd3 42. Qc7 Qe4 43. Bg4 Qxb4 44. Bc8 Qf4+ 45. Qxf4 gxf4
46. Be6 b4 47. h4 b3 48. d6 b2 49. Bf5 Bc8 50. Bb1 Kb6 51. h5 Be6 52. h6 Bg8
0-1

[Event "International Tournament "]
[Site "Pool "]
[Date "2021.07.15"]
[Round "8.24"]
[White "Savic, Miodrag R"]
[Black "Jocev, Milan"]
[Result "1/2-1/2"]
[WhiteElo "2421"]
[BlackElo "2260"]
[PlyCount "40"]
[EventDate "2021.07.09"]

1. e4 c6 2. d4 d5 3. exd5 cxd5 4. Bd3 Nc6 5. c3 Qc7 6. h3 Nf6 7. Nf3 e6 8. O-O
Bd6 9. Re1 O-O 10. Nbd2 Bd7 11. Nf1 Ne7 12. Ne5 Ng6 13. Bxg6 hxg6 14. Ng3 b5
15. a3 a5 16. Bd2 Bc6 17. Qe2 Nd7 18. Nxc6 Qxc6 19. Qf3 Nf6 20. Bg5 Bxg3
1/2-1/2

[Event "International Tournament "]
[Site "Pool "]
[Date "2021.07.15"]
[Round "8.25"]
[White "Efremov, Vladislav"]
[Black "Stankovic, Milos"]
[Result "1/2-1/2"]
[WhiteElo "2173"]
[BlackElo "2421"]
[PlyCount "73"]
[EventDate "2021.07.09"]

1. d4 Nf6 2. c4 g6 3. Nc3 d5 4. cxd5 Nxd5 5. e4 Nxc3 6. bxc3 Bg7 7. Qa4+ c6 8.
Nf3 O-O 9. Be2 c5 10. O-O Nc6 11. Be3 Bd7 12. Qa3 Qa5 13. Qxa5 Nxa5 14. dxc5
Bc6 15. Nd2 Bxc3 16. Rac1 Bg7 17. f3 Bd7 18. Rb1 Rac8 19. Nc4 Nxc4 20. Bxc4 Rc7
21. Bd5 Bc8 22. Rfc1 Rd8 23. Rb4 e6 24. Bf4 Rcd7 25. c6 bxc6 26. Bxc6 Rd4 27.
Rxd4 Bxd4+ 28. Kh1 Ba6 29. Bc7 Be3 30. Bxd8 Bxc1 31. Be7 Bc4 32. Bc5 Bxa2 33.
Bxa7 Kg7 34. Bd4+ f6 35. Kg1 e5 36. Bc5 Bc4 37. Kf2 1/2-1/2

[Event "International Tournament "]
[Site "Pool "]
[Date "2021.07.15"]
[Round "8.26"]
[White "Granovskiy, Alexandr"]
[Black "Perez Gormaz, Matias"]
[Result "0-1"]
[WhiteElo "2255"]
[BlackElo "2400"]
[PlyCount "54"]
[EventDate "2021.07.09"]

1. d4 Nf6 2. Bg5 d5 3. Bxf6 gxf6 4. Nf3 c5 5. g3 Nc6 6. Bg2 e5 7. dxc5 Bxc5 8.
O-O Be6 9. e3 O-O 10. Nfd2 Be7 11. Nc3 Bb4 12. e4 dxe4 13. Ndxe4 f5 14. Qxd8
Rfxd8 15. Ng5 Bc4 16. Rfd1 Nd4 17. a3 Bxc3 18. bxc3 Ne2+ 19. Kh1 Nxc3 20. Rxd8+
Rxd8 21. Bxb7 e4 22. Nh3 Rd2 23. Kg1 Kg7 24. Nf4 Rxc2 25. Ng2 Ne2+ 26. Kh1 Nd4
27. Ne3 Rxf2 0-1

[Event "International Tournament "]
[Site "Pool "]
[Date "2021.07.15"]
[Round "8.27"]
[White "Karisik, Nenad"]
[Black "Simantsev, Mikhail"]
[Result "1/2-1/2"]
[WhiteElo "2144"]
[BlackElo "2398"]
[PlyCount "53"]
[EventDate "2021.07.09"]

1. e4 c6 2. d4 d5 3. exd5 cxd5 4. c4 Nf6 5. Nc3 Nc6 6. Nf3 Bg4 7. Bg5 dxc4 8.
Bxc4 Bxf3 9. gxf3 Nxd4 10. Nd5 Nxd5 11. Qxd4 Nb4 12. Bxf7+ Kxf7 13. Qxb4 Qd5
14. Qg4 h6 15. Be3 g6 16. O-O Bg7 17. Rfd1 Qe6 18. Qf4+ Bf6 19. Rac1 g5 20. Qa4
a6 21. b3 Rac8 22. Rxc8 Rxc8 23. Qd7 b5 24. f4 Rc2 25. Qxe6+ Kxe6 26. Rd2 Rxd2
27. Bxd2 1/2-1/2